Sports Quiz

Random Sports or Puzzle Quiz

2019 NBA All Star Logic Puzzle Quiz Stats

 Plays Quiz not verified by Sporcle

Score 0/28 Timer 20:00
0 Plays Today
% Correct
A1





???
100%
A2





???
63.1%
A3





???
61.6%
B3





???
48.5%
B2





???
44.7%
G4





???
41.1%
C2





???
39.3%
B4





???
39.3%
D2





???
37.8%
A4





???
37%
G3





???
36.9%
G1





???
30.9%
F2





???
24.4%
G2





???
23.9%
% Correct
E1





???
22.3%
C3





???
18.8%
D1





???
16%
E2





???
14.2%
F1





???
13.7%
E4





???
12.8%
D4





???
12.3%
C1





???
10.8%
B1





???
10.7%
F4





???
7.9%
C4





???
7.5%
F3





???
7.5%
E3





???
7.2%
D3





???
5.4%

You're not logged in!

Compare scores with friends on all Sporcle quizzes.
OR
Log In

Show Comments

Extras

Top Quizzes Today


Score Distribution

Your Account Isn't Verified!

In order to create a playlist on Sporcle, you need to verify the email address you used during registration. Go to your Sporcle Settings to finish the process.

Report this User

Report this user for behavior that violates our Community Guidelines.

Details: